000 00748nam a2200205Ii 4500
003 JO-AjNU
008 230605s9999||||xx |||||||||||||| ||und||
040 _aJO-AjNU
_bara
_erda
_cJO-AjNU
041 _aara
050 1 4 _aDS37.4.A2296 1988
100 3 _aطه، عبد الواحد دنون,
_eauthor
_919578
245 0 0 _aنشأة تدوين التاريخ العربي في الاندلس
264 3 1 _aبغداد: دار الشؤون الثقاففية العامة، 1988
300 _a91ص
336 _atext
_btxt
_2rdacontent
337 _aunmediated
_bn
_2rdamedia
338 _avolume
_bnc
_2rdacarrier
490 0 _aسلسلة الموسوعة التاريخية الميسرة
650 4 _aتاريخ الاندلس- تاريخ
_919579
999 _aA6485
_c10053
_d10053